| 000 | 00551nam a22001817a 4500 | ||
|---|---|---|---|
| 999 |
_c185221 _d185221 |
||
| 005 | 20220201112152.0 | ||
| 010 | _aENG-131338 | ||
| 020 |
_a9788194918394 _c425.00 |
||
| 035 | _aEN-114870 | ||
| 037 | _bDBAD | ||
| 082 | _a954.09 | ||
| 100 | _aJha, Sanjay Nath | ||
| 245 |
_aIndus To Independence Series Moern India/ _cSanjay Nath Jha |
||
| 260 |
_aNew Delhi _bIntegrity Education Pvt. Ltd. _c2021 |
||
| 270 |
_bNew Delhi _a4598/15-B, 1st Floor, Daryaganj _e110002 |
||
| 300 |
_a322 p. _c24cm(pbk) |
||
| 942 |
_2ddc _cEN _h954.09 _mJHA |
||